000 00698nam a22002175i 4500
001 172172
003 ES-MaACL
005 20251009172048.0
008 090616s1970 sp |||| | spa d
080 _a860-92"18"(082.2)
080 _a84/.86(46)"18"(093.2)
245 0 0 _aSocialismo utópico español /
_cselección, prólogo y notas de Antonio Elorza.
260 _aMadrid :
_bAlianza Editorial,
_c[1970]
300 _a240 p. ;
_c18 cm.
490 1 _aEl libro de bolsillo ;
_v268
650 7 _aSocialismo utópico-
_zEspaña
_2
_9140740
700 1 _aElorza, Antonio,
_d1943-
_947089
830 1 3 _aEl libro de bolsillo
_v268
_9177802
852 _aES-MaACL
_jC-44323
999 _c172172
_d172172